All Empires of Iceland by Picture - Statistics

General Stats
  • This quiz has been taken 32 times
  • The average score is 4 of 8
Answer Stats
Picture Hint Answer % Correct
1944 – present Republic of Iceland
96%
1814 – 1918 Kingdom of Denmark
93%
1262 – 1397 Kingdom of Norway
93%
1397 – 1523 Kalmar Union
59%
1918 – 1944 Kingdom of Iceland
41%
1523 – 1814 Denmark–Norway
30%
874 – 930 Settlement Period
7%
930 – 1262 Icelandic Commonwealth
4%
No matching quizzes found
Score Distribution
Percent of People with Each Score
Percentile by Number Answered
Your Score History
You have not taken this quiz